Les destinations de Air France sur une carte - Statistiques

Statistiques générales
  • Ce quiz a été pris 89 fois
    68 depuis la dernière actualisation
  • Le résultat moyen est 100 sur 179
Réponses sur la Carte
Les réponses sont colorées sur une échelle allant du rouge au vert en fonction du pourcentage des utilisateurs qui les ont devinées à leur premier essai. Vous pouvez retrouver ces pourcentages ci-dessous.
 
Statistiques - réponses
Destination % Correct
Paris
92%
Los Angeles
90%
Marseille
90%
New York
90%
Nice
90%
Bordeaux
88%
Londres
88%
Lyon
88%
Madrid
88%
Barcelone
86%
Berlin
86%
Lisbonne
86%
Mexico
86%
Milan
86%
Porto
86%
Rio De Janeiro
86%
Rome
86%
Miami
85%
Alger
83%
Dublin
83%
Rennes
83%
Tokyo
83%
Toulouse
83%
Buenos Aires
81%
Le Caire
81%
Nantes
81%
Washington
81%
Athènes
80%
Amsterdam
78%
Brest
78%
Manchester
78%
Marrakech
78%
Montréal
78%
Oslo
78%
Naples
76%
Pékin
76%
Rabat
76%
San Francisco
76%
Stockholm
76%
Varsovie
76%
Venise
76%
Copenhague
75%
Édimbourg
75%
Genève
75%
Istanbul
75%
Le Cap
75%
Montpellier
75%
Sao Paulo
75%
Turin
75%
Ajaccio
73%
Boston
73%
Budapest
73%
Casablanca
73%
Chicago
73%
Tunis
73%
Bucarest
71%
Dubai
71%
Helsinki
71%
Prague
71%
Toronto
71%
Valence
71%
Tel-Aviv
69%
Beyrouth
68%
Dallas
68%
Fort-de-France
68%
Francfort-sur-le-Main
68%
Las Vegas
68%
Munich
68%
New Delhi
68%
Vienne
68%
Zagreb
68%
Zurich
68%
Bogota
66%
Atlanta
64%
Bangkok
64%
Bastia
64%
Biarritz
64%
Caen
64%
Clermont-Ferrand
64%
Lima
64%
Malaga
64%
Mumbai
64%
Vancouver
64%
Johannesburg
63%
Pau
63%
Saint-Denis
63%
Seattle
63%
Cracovie
61%
Florence
61%
Singapour
61%
Antananarivo
59%
Bilbao
59%
Dakar
59%
Hambourg
59%
Hong Kong
59%
Manille
59%
Riyad
59%
Bâle
56%
Birmingham
56%
Cayenne
56%
Osaka
56%
Ottawa
56%
Palerme
56%
Québec
56%
Ljubljana
54%
Tirana
54%
Abidjan
53%
Cancún
53%
Detroit
53%
Djibouti
53%
Ibiza
53%
Nairobi
53%
Oran
53%
Denver
51%
Houston
51%
Lagos
51%
Kinshasa
49%
Orlando
49%
Palma De Majorque
49%
Split
49%
Brazzaville
47%
Faro
47%
Granadille
46%
Tanger
46%
Erevan
44%
Yaoundé
44%
Bari
41%
San Jose
41%
Bergen
39%
Cagliari
39%
Ho Chi Minh Ville
39%
Panama City
39%
Düsseldorf
37%
Libreville
37%
Papeete
37%
Pointe à Pitre
37%
Bologne
36%
Cork
36%
Héraklion
36%
Conakry
34%
Newcastle
34%
Rhodes
34%
Calvi
32%
Dubrovnik
32%
Hanovre
32%
Luanda
32%
Minneapolis
32%
Nouakchott
32%
Bengaluru
31%
Port-Louis
31%
Shangai
31%
Göteborg
29%
Lomé
29%
Newark
27%
Nuremberg
27%
Abuja
25%
Douala
25%
Ndjamena
25%
Zanzibar
25%
Belém
24%
Cotonou
24%
Mykonos
24%
Figari
22%
Fortaleza
22%
Raleigh
22%
Incheon
20%
Salvador
20%
Vérone
20%
Tromso
19%
Pointe Noire
14%
Santiago
14%
Olbia
12%
Théra
10%
Malabo
8%
Billund
7%
Luqa
3%
Phénix
3%
Arusha
2%
Baie De Simpson
0%
Aucun quiz correspondant
Distribution des résultats
% des personnes avec chaque résultat
Percentile par nombre de réponses
Votre historique - résultats
Vous n’avez pas pris ce quiz depuis la dernière actualisation